| 000 | 00446nam a2200145Ia 4500 | ||
|---|---|---|---|
| 008 | 231129s1997||||xx |||||||||||||| ||spa|| | ||
| 020 | _a84-283-2387-9 | ||
| 040 | _bspa | ||
| 082 | _a621.38132 G216c | ||
| 100 | _aGarcía Guillén Pedro | ||
| 245 | 0 | _aCircuitos de continua: Curso de electrónica por ordenador con Workbench | |
| 260 | _c1997 | ||
| 264 | _aMadrid España : Paraninfo | ||
| 942 |
_2ddc _cBKS |
||
| 999 |
_c7010 _d7010 |
||